Inovácie v obsahu a metodike výučby predmetu firemné plánovanie

Na minha lista:
Detalhes bibliográficos
Autor principal: Grznár, Miroslav
Outros Autores: Šinský, Peter
Formato: Capítulo de Livro
Idioma:eslovaco
Tags: Adicionar Tag
Sem tags, seja o primeiro a adicionar uma tag!

MARC

LEADER 00000naa$a2200000$$$4500
001 0054941
005 20240502071630.0
041 0 |a slo 
044 |a SK 
245 1 0 |a Inovácie v obsahu a metodike výučby predmetu firemné plánovanie  |c Miroslav Grznár, Peter Šinský 
100 1 |a Grznár, Miroslav 
700 1 |a Šinský, Peter